Les Mamelles de Tirèsies : Drama sobrerealista en dos actes i un pròleg / Guillaume Apollinaire ; traducció i pròleg de Miquel Desclot Drama sobrerealista en dos actes i un pròleg / Guillaume Apollinaire ; traducció i pròleg de Miquel Desclot
Descripción Física:
97 p. ; 18 cm
Colección:
Biblioteca Teatral ; 50
Otros Autores:
Desclot, Miquel, 1952-
MARC
| LEADER | 00000nam a2200000Ia 4500 | ||
|---|---|---|---|
| 001 | 2159 | ||
| 008 | 160829s1986 xx 000 0 cat d | ||
| 080 | |a L-1-236 | ||
| 100 | |a Apollinaire, Guillaume |9 27235 | ||
| 245 | |a Les Mamelles de Tirèsies : |b Drama sobrerealista en dos actes i un pròleg / Guillaume Apollinaire ; traducció i pròleg de Miquel Desclot | ||
| 260 | |a Barcelona : |b Institut del Teatre de la Diputació de Barcelona : |b Edicions del Mall, |c 1986 | ||
| 300 | |a 97 p. ; |c 18 cm | ||
| 490 | |a Biblioteca Teatral ; 50 | ||
| 590 | |a Premi Josep M. de Sagarra 1985 | ||
| 700 | 1 | |a Desclot, Miquel, |d 1952- |e autor del pròleg, traductor |9 36136 | |
| 710 | 1 | |a Institut del Teatre (Barcelona, Catalunya) |9 52662 | |
| 901 | |a Arxiu | ||
| 942 | |n 1 |2 udc | ||
| 952 | |0 0 |1 0 |4 0 |6 L1236 |7 1 |9 44321 |a Arxiu |b Arxiu |d 2016-12-01 |l 0 |o L-1-236 |p 2159 |r 2016-12-01 00:00:00 |w 2016-12-01 |y ARXIU | ||
| 999 | |c 46901 |d 46901 | ||